[Event "Titled Tuesday intern op 06th May Early"]
[Site "Chess.com INT"]
[Date "2025.05.06"]
[Round "1"]
[White "Pavlidou, Ekaterini"]
[Black "Tretiakov, Aleander"]
[Result "0-1"]
[WhiteElo "2198"]
[BlackElo "2023"]
[PlyCount "104"]
[EventDate "2025.05.06"]
[EventType "swiss (blitz)"]
[EventRounds "11"]
[EventCountry "USA"]
[SourceTitle "CB20_2025"]
[SourceDate "2025.05.14"]
[SourceVersion "1"]
[SourceVersionDate "2025.05.14"]
[SourceQuality "1"]

1. d4 Nf6 2. c4 e6 3. Nc3 d5 4. cxd5 exd5 5. Bg5 c6 6. e3 Be7 7. Bd3 Nbd7 8. Nf3 0-0 9. h3 Re8 10. Qc2 Nf8 11. Ne5 Ng6 12. f4 Nh5 13. Bxe7 Qxe7 14. g4 Qh4+ 15. Qf2 Qxf2+ 16. Kxf2 Nf6 17. Rag1 Nxe5 18. fxe5 Nd7 19. g5 Nb6 20. b3 Be6 21. Ne2 Rac8 22. Rc1 Rc7 23. Rc2 Rec8 24. Rhc1 Nd7 25. Nf4 c5 26. h4 b6 27. Bb5 Nf8 28. Ba6 Rd8 29. dxc5 Bf5 30. Rc3 d4 31. exd4 Rxd4 32. Kg3 bxc5 33. Rxc5 Re7 34. R1c4 Rd2 35. Rb4 g6 36. Rb8 Kg7 37. a4 Nd7 38. Rd5 Nxb8 39. Rxd2 Nxa6 40. Rd8 Rxe5 41. Nd5 f6 42. Nxf6 Re3+ 43. Kf2 Rxb3 44. Rg8+ Kf7 45. Rh8 Nc5 46. Rxh7+ Ke6 47. Rxa7 Ke5 48. Re7+ Kf4 49. a5 Rb2+ 50. Re2 Nd3+ 51. Kf1 Bh3+ 52. Kg1 Rxe2 0-1

[Event "Titled Tuesday intern op 06th May Early"]
[Site "Chess.com INT"]
[Date "2025.05.06"]
[Round "11"]
[White "Tretiakov, Aleander"]
[Black "Gabrielian, Artur"]
[Result "1-0"]
[WhiteElo "2023"]
[BlackElo "2419"]
[PlyCount "123"]
[EventDate "2025.05.06"]
[EventType "swiss (blitz)"]
[EventRounds "11"]
[EventCountry "USA"]
[SourceTitle "CB20_2025"]
[SourceDate "2025.05.14"]
[SourceVersion "1"]
[SourceVersionDate "2025.05.14"]
[SourceQuality "1"]

1. e4 c5 2. Be2 Nc6 3. c4 g6 4. Nc3 Bg7 5. Nf3 d6 6. d3 Bg4 7. Be3 Bxf3 8. Bxf3 Nf6 9. Qd2 0-0 10. 0-0 e5 11. Rae1 h5 12. h3 Ne8 13. g4 h4 14. Nd5 Nc7 15. Kg2 Nxd5 16. exd5 Nd4 17. Bd1 f5 18. gxf5 Nxf5 19. Bg5 Bf6 20. Be3 Qe7 21. Bf4 Rf7 22. Qc1 Raf8 23. Bg4 Bg7 24. Bg5 Bf6 25. Bd2 Nd4 26. Bh6 Bg7 27. Bg5 Bf6 28. Bh6 g5 29. Bxf8 Qxf8 30. Be6 Nxe6 31. dxe6 Re7 32. Qe3 Rxe6 33. Kh1 Re7 34. Qe4 Rg7 35. Rg1 Qf7 36. Rg2 Qe6 37. Kh2 b6 38. Rg4 Qf7 39. Re2 Rg6 40. f3 Be7 41. f4 Bf6 42. f5 Rg7 43. Qc6 Qe7 44. Qd5+ Kh7 45. Reg2 Kh6 46. Qf3 Kh7 47. Qd5 Kh6 48. Rf2 a5 49. a3 a4 50. Qc6 Qd7 51. Qd5 Re7 52. b3 axb3 53. Rb2 e4 54. dxe4 Bxb2 55. Qg8 Be5+ 56. Kg2 Rg7 57. Qh8+ Rh7 58. Qf8+ Qg7 59. Qd8 b2 60. Kf3 b1Q 61. Rxh4+ gxh4 62. Qxh4# 1-0

[Event "Titled Tuesday intern op 06th May Early"]
[Site "Chess.com INT"]
[Date "2025.05.06"]
[Round "2"]
[White "Tretiakov, Aleander"]
[Black "Nakamura, Hikaru"]
[Result "0-1"]
[WhiteElo "2023"]
[BlackElo "2804"]
[PlyCount "38"]
[EventDate "2025.05.06"]
[EventType "swiss (blitz)"]
[EventRounds "11"]
[EventCountry "USA"]
[SourceTitle "CB20_2025"]
[SourceDate "2025.05.14"]
[SourceVersion "1"]
[SourceVersionDate "2025.05.14"]
[SourceQuality "1"]

1. d4 Nf6 2. c4 g6 3. f3 c5 4. d5 d6 5. Nc3 Bg7 6. e4 0-0 7. Be3 e6 8. Qd2 exd5 9. cxd5 Re8 10. 0-0-0 a6 11. a4 b5 12. axb5 axb5 13. Bxb5 Bd7 14. Bxd7 Nfxd7 15. f4 Na6 16. Nge2 Nb4 17. b3 Rxe4 18. Ng3 Bxc3 19. Qxc3 Na2+ 0-1

[Event "Titled Tuesday intern op 01st Apr Early"]
[Site "Chess.com INT"]
[Date "2025.04.01"]
[Round "8"]
[White "Karvatskyi, Oleksii"]
[Black "Tretiakov, Aleander"]
[Result "1-0"]
[WhiteElo "2114"]
[BlackElo "2023"]
[PlyCount "51"]
[EventDate "2025.04.01"]
[EventType "swiss (blitz)"]
[EventRounds "11"]
[EventCountry "USA"]
[SourceTitle "CB15_2025"]
[SourceDate "2025.04.09"]
[SourceVersion "1"]
[SourceVersionDate "2025.04.09"]
[SourceQuality "1"]

1. Nc3 e5 2. Nf3 Nc6 3. d4 exd4 4. Nxd4 Nf6 5. Nf5 d5 6. Ng3 Be6 7. Bg5 Be7 8. e4 d4 9. Nb5 a6 10. Na3 h6 11. Bxf6 Bxf6 12. Bd3 0-0 13. 0-0 Ne5 14. f4 Ng4 15. Nc4 Bxc4 16. Qxg4 Bxd3 17. cxd3 Qc8 18. Nf5 Kh7 19. Qh3 Qe6 20. g4 c5 21. g5 Bd8 22. Rf2 f6 23. g6+ Kg8 24. Nxh6+ gxh6 25. Qxe6+ Kg7 26. Qd7+ 1-0

[Event "Titled Tuesday intern op 01st Apr Early"]
[Site "Chess.com INT"]
[Date "2025.04.01"]
[Round "2"]
[White "Tretiakov, Aleander"]
[Black "Rothuis, Vincent"]
[Result "0-1"]
[WhiteElo "2023"]
[BlackElo "2346"]
[PlyCount "56"]
[EventDate "2025.04.01"]
[EventType "swiss (blitz)"]
[EventRounds "11"]
[EventCountry "USA"]
[SourceTitle "CB15_2025"]
[SourceDate "2025.04.09"]
[SourceVersion "1"]
[SourceVersionDate "2025.04.09"]
[SourceQuality "1"]

1. Nf3 c5 2. b3 Nf6 3. c4 b6 4. Bb2 e6 5. d3 Bb7 6. Nbd2 d5 7. g3 Be7 8. Bg2 0-0 9. 0-0 Nc6 10. a3 Qc7 11. Qc2 Rfd8 12. Rad1 d4 13. e4 dxe3 14. fxe3 Rd7 15. d4 Rad8 16. Rfe1 cxd4 17. exd4 a6 18. b4 a5 19. b5 Nxd4 20. Nxd4 Rxd4 21. Bxd4 Rxd4 22. Qc3 Bc5 23. Kh1 Ng4 24. Re2 Bxg2+ 25. Kxg2 Qd7 26. Qf3 h5 27. h3 Nf6 28. Qxh5 Nxh5 0-1

[Event "Titled Tuesday intern op 25th Mar Early"]
[Site "Chess.com INT"]
[Date "2025.03.25"]
[Round "2"]
[White "Sathvik, Adiga"]
[Black "Tretiakov, Aleander"]
[Result "1-0"]
[WhiteElo "2390"]
[BlackElo "2023"]
[PlyCount "87"]
[EventDate "2025.03.25"]
[EventType "swiss (blitz)"]
[EventRounds "11"]
[EventCountry "USA"]
[SourceTitle "CB14_2025"]
[SourceDate "2024.11.01"]
[SourceVersion "1"]
[SourceVersionDate "2024.11.01"]
[SourceQuality "1"]

1. e4 c5 2. Nf3 e6 3. d4 cxd4 4. Nxd4 Nc6 5. Nc3 a6 6. Be3 Qc7 7. a3 Nf6 8. f4 d5 9. e5 Nd7 10. Qd2 b5 11. g4 Bb7 12. 0-0-0 b4 13. axb4 Bxb4 14. Nxc6 Bxc6 15. Bd4 Rb8 16. Qe2 a5 17. f5 a4 18. fxe6 fxe6 19. g5 a3 20. b3 Qa5 21. Na2 Be7 22. Qg4 Nf8 23. Bd3 Bb5 24. Rhf1 Rc8 25. Qf3 Kd7 26. Qf7 Ng6 27. Bf5 exf5 28. Qxd5+ Kc7 29. Rxf5 Rhd8 30. Qe4 Kb8 31. e6 Qa6 32. Be5+ Ka7 33. Bd4+ Kb8 34. Qe3 Bc6 35. Qg3+ Ka8 36. Kb1 Bd5 37. Rxd5 Rxd5 38. Qf3 Qc6 39. Nc3 Rxg5 40. Qd3 Nf4 41. Qd2 Rf5 42. Be3 g6 43. Qd4 Qxc3 44. Qa7# 1-0

[Event "Titled Tuesday intern op 04th Mar Early"]
[Site "Chess.com INT"]
[Date "2025.03.04"]
[Round "8"]
[White "Levitan, Caleb Levi"]
[Black "Tretiakov, Aleander"]
[Result "0-1"]
[WhiteElo "2327"]
[BlackElo "2023"]
[PlyCount "100"]
[EventDate "2025.03.04"]
[EventType "swiss (blitz)"]
[EventRounds "11"]
[EventCountry "USA"]
[SourceTitle "CB11_2025"]
[SourceDate "2025.03.12"]
[SourceVersion "1"]
[SourceVersionDate "2025.03.12"]
[SourceQuality "1"]

1. e4 c5 2. Nf3 e6 3. d4 cxd4 4. Nxd4 a6 5. c4 Qc7 6. Nc3 Nc6 7. Be3 Nf6 8. a3 Be7 9. Be2 0-0 10. 0-0 d6 11. Rc1 Bd7 12. b4 Rac8 13. f4 Rfd8 14. Bf3 Nxd4 15. Bxd4 e5 16. Be3 exf4 17. Bxf4 Qb6+ 18. Kh1 Rxc4 19. Bg5 Qd4 20. Bxf6 Bxf6 21. Nd5 Qxd1 22. Rfxd1 Rxc1 23. Nxf6+ gxf6 24. Rxc1 Bc6 25. Rd1 Kf8 26. Kg1 Ke7 27. Kf2 Ke6 28. Ke3 Ke5 29. g3 Rc8 30. Rc1 Re8 31. Bg2 f5 32. Rf1 fxe4 33. Rxf7 d5 34. Rxh7 d4+ 35. Ke2 Bb5+ 36. Ke1 d3 37. Rh5+ Kd4 38. Rh4 Bc6 39. g4 e3 40. Bxc6 bxc6 41. g5+ Kc3 42. g6 e2 43. Rh3 Kc2 44. g7 d2+ 45. Kf2 e1Q+ 46. Kg2 d1Q 47. g8Q Rxg8+ 48. Rg3 Rxg3+ 49. hxg3 Qde2+ 50. Kh3 Qh1# 0-1

[Event "Titled Tuesday intern op 04th Mar Early"]
[Site "Chess.com INT"]
[Date "2025.03.04"]
[Round "6"]
[White "Tretiakov, Aleander"]
[Black "Puzyrevsky, Semen"]
[Result "0-1"]
[WhiteElo "2023"]
[BlackElo "2282"]
[PlyCount "112"]
[EventDate "2025.03.04"]
[EventType "swiss (blitz)"]
[EventRounds "11"]
[EventCountry "USA"]
[SourceTitle "CB11_2025"]
[SourceDate "2025.03.12"]
[SourceVersion "1"]
[SourceVersionDate "2025.03.12"]
[SourceQuality "1"]

1. d4 Nf6 2. c4 e6 3. Nf3 b6 4. g3 Ba6 5. b3 d5 6. Qc2 c5 7. Bg2 Nbd7 8. cxd5 Nxd5 9. 0-0 Rc8 10. Qb2 Be7 11. Rd1 cxd4 12. Nxd4 Bf6 13. Be3 0-0 14. Na3 Nxe3 15. fxe3 Qc7 16. Rac1 Qe5 17. Qd2 Bg5 18. Kf2 Nf6 19. Bf3 Nd5 20. Bxd5 exd5 21. Nf3 Qf5 22. Rxc8 Rxc8 23. Qxd5 Qxd5 24. Rxd5 Be7 25. Rd7 Bxa3 26. Rxa7 Bxe2 27. Kxe2 Bc5 28. Nd4 Re8 29. Kd3 g6 30. a3 Re5 31. b4 Bf8 32. Ra8 Re7 33. Rb8 Ra7 34. Nc2 Rd7+ 35. Ke2 Rc7 36. Nd4 Rc3 37. Nb5 Rc6 38. Nd4 Rc3 39. Nb5 Rc6 40. Rb7 h5 41. Kd3 Rf6 42. Nd4 Kg7 43. Ke4 Rf2 44. h4 Ra2 45. Rxb6 Rxa3 46. Rb7 Bd6 47. Kf3 Be5 48. Ne2 Rb3 49. b5 Kf6 50. b6 Ke6 51. Ke4 f5+ 52. Kf3 Kf6 53. Kf2 Bd6 54. Nd4 Rb2+ 55. Kf3 Bc5 56. Rc7 Bxd4 0-1

[Event "Privolzhskogo FO-ch"]
[Site "Izhevsk"]
[Date "2005.03.18"]
[Round "3"]
[White "Tretiakov, Aleander"]
[Black "Bronnikov, Konstantin Alexandr"]
[Result "0-1"]
[WhiteElo "2274"]
[BlackElo "2142"]
[PlyCount "80"]
[EventDate "2005.03.16"]
[EventType "swiss"]
[EventRounds "9"]
[EventCountry "RUS"]
[SourceTitle "CBM 105 Extra"]
[Source "ChessBase"]
[SourceDate "2005.05.01"]
[SourceVersion "1"]
[SourceVersionDate "2005.05.01"]
[SourceQuality "1"]

1. d4 d5 2. c4 dxc4 3. e3 Nf6 4. Bxc4 e6 5. Nf3 a6 6. a4 c5 7. 0-0 Nc6 8. Nc3 cxd4 9. exd4 Be7 10. d5 exd5 11. Nxd5 Nxd5 12. Bxd5 0-0 13. Qb3 Nb4 14. Bc4 Nc6 15. Rd1 Qa5 16. Bd2 Qh5 17. Bc3 Na5 18. Bxa5 Qxa5 19. Rac1 Bf6 20. Bd5 Rb8 21. Nd4 Bd7 22. Ra1 Rbd8 23. Nc2 Bg4 24. f3 Bc8 25. Kh1 Rd7 26. Be4 Rfd8 27. Rxd7 Rxd7 28. Ne3 b5 29. Rc1 Qd8 30. axb5 axb5 31. Qxb5 g6 32. Nd5 Bg5 33. f4 Bxf4 34. Nf6+ Kg7 35. Nxd7 Bxc1 36. Qe5+ f6 37. Qc5 Bxb2 38. Nb6 Qd1+ 39. Qg1 Qxg1+ 40. Kxg1 Bd4+ 0-1